000
00276nam a2200109Ia 4500
001
1298609
005
20260417170329.0
008
260417s9999 xx 000 0 und d
020
_a
9786052021811
245
0
_a
Yılanlı Hamam
_c
Şükran Binark
260
_b
Şule Yayınları
999
_c
1298609
_d
1298609